Daisy Fay and the miracle man / Fannie Flagg.
Growing up along the Gulf Coast's Shell Beach, Daisy Fay has to deal with lots of troubles, including her own daddy who has a "mortgage scheme in which his daughter has to return from the dead in a carefully orchestrated miracle"--Cover.
Record details
- ISBN: 0446394521
- ISBN: 9780446394529
- ISBN: 0345485602
- ISBN: 9780345485601
- Physical Description: 320 pages ; 21 cm
- Edition: Warner Books edition
- Publisher: New York : Warner Books, 1992, c1981.
Search for related items by subject
| Subject: | Fathers and daughters > Fiction. Mississippi > Fiction. |
| Genre: | Pastoral fiction. Bildungsromans. |
Available copies
- 1 of 1 copy available at scottsboropl.
Holds
- 0 current holds with 1 total copy.
Show Only Available Copies
| Location | Call Number / Copy Notes | Barcode | Shelving Location | Status | Due Date |
|---|---|---|---|---|---|
| scottsboropl | F Fla | 32269001002537 | Adult - Fiction | Available | - |
| LDR | 01048cam a2200277 a 4500 | ||
|---|---|---|---|
| 001 | 117476 | ||
| 003 | SBPL | ||
| 005 | 20220825204742.0 | ||
| 008 | 920303r19921981nyu 000 1 eng | ||
| 010 | . | ‡a 92005518 | |
| 020 | . | ‡a0446394521 | |
| 020 | . | ‡a9780446394529 | |
| 020 | . | ‡a0345485602 | |
| 020 | . | ‡a9780345485601 | |
| 035 | . | ‡a(CONS)117476 | |
| 035 | . | ‡a(CPomAG)LMN314617 | |
| 050 | 0 | 0. | ‡aPS3556.L26 ‡bC6 1992 |
| 082 | 0 | 0. | ‡a813/.54 ‡220 |
| 100 | 1 | . | ‡aFlagg, Fannie. |
| 245 | 1 | 0. | ‡aDaisy Fay and the miracle man / ‡cFannie Flagg. |
| 246 | 3 | 3. | ‡aComing attractions |
| 250 | . | ‡aWarner Books edition | |
| 260 | . | ‡aNew York : ‡bWarner Books, ‡c1992, c1981. | |
| 300 | . | ‡a320 pages ; ‡c21 cm | |
| 336 | . | ‡atext ‡btxt ‡2rdacontent | |
| 337 | . | ‡aunmediated ‡bn ‡2rdamedia | |
| 338 | . | ‡avolume ‡bnc ‡2rdacarrier | |
| 520 | . | ‡aGrowing up along the Gulf Coast's Shell Beach, Daisy Fay has to deal with lots of troubles, including her own daddy who has a "mortgage scheme in which his daughter has to return from the dead in a carefully orchestrated miracle"--Cover. | |
| 650 | 0. | ‡aFathers and daughters ‡vFiction. | |
| 651 | 0. | ‡aMississippi ‡vFiction. | |
| 655 | 7. | ‡aPastoral fiction. ‡2lcgft | |
| 655 | 7. | ‡aBildungsromans. ‡2lcgft | |
| 901 | . | ‡a117476 ‡bUnknown ‡c117476 ‡tbiblio | |